LEADER 00960nam0-22003251i-450- 001 990000663770403321 005 20001010 035 $a000066377 035 $aFED01000066377 035 $a(Aleph)000066377FED01 035 $a000066377 100 $a20001010d--------km-y0itay50------ba 101 0 $aita 105 $ay-------001yy 200 1 $aMarche$fEugenia Bevilacqua.- 205 $a. 210 $aTorino$cUTET$d1961. 215 $aX, 418 p.,(6)c.di tav. f.t.,(15) c. geogr.$cill.$d28 cm 225 1 $a<>regioni d'Italia$v10 300 $aCollezione pubblicata sotto gli auspici del Comitato ordinatore della Mostra delle Regioni Italiane. 700 1$aBevilacqua,$bEugenia$f<1919-2002>$0342642 801 0$aIT$bUNINA$gRICA$2UNIMARC 901 $aBK 912 $a990000663770403321 952 $a01 A I 209$b2553$fDINST 952 $a01 GEOG 10$b$fDINST 959 $aDINST 996 $aMarche$9321025 997 $aUNINA DB $aING01 LEADER 01238nam 2200337z- 450 001 9910689850603321 005 20161209104820.0 035 $a(CKB)5860000000019781 035 $a(BIP)012599217 035 $a(EXLCZ)995860000000019781 100 $a20220406c2005uuuu -u- - 101 0 $aeng 200 10$aConfronting recidivism $eprisoner re-entry programs and a just future for all Americans : hearing before the Committee on Government Reform, House of Representatives, One Hundred Ninth Congress, first session, February 2, 2005 215 $a1 online resource (iii, 140 p.) $cill 311 $a0-16-074616-7 517 $aConfronting recidivism 606 $aRecidivists$xRehabilitation$zUnited States 606 $aEx-convicts$xRehabilitation$zUnited States 606 $aRecidivism$zUnited States$xPrevention 606 $aDeinstitutionalization$zUnited States 610 $aRecidivists 610 $aEx-convicts 610 $aSocial science 615 0$aRecidivists$xRehabilitation 615 0$aEx-convicts$xRehabilitation 615 0$aRecidivism$xPrevention. 615 0$aDeinstitutionalization 906 $aBOOK 912 $a9910689850603321 996 $aConfronting recidivism$93135937 997 $aUNINA